[Event "Turkish Club Cup 2019"]
[Site "Konya"]
[Date "2019.07.18"]
[Round "4"]
[White "Ince, Eray"]
[Black "Emir, Emirhan"]
[Result "0-1"]
[WhiteElo "1459"]
[BlackElo "1904"]
[Annotator "NA RC"]
[PlyCount "122"]
[EventDate "2019.07.16"]
[EventType "team-tourn"]
[EventCountry "TUR"]
[SourceTitle "playchess.com"]
[Source "ChessBase"]
[SourceQuality "1"]
[TimeControl "5400+30"]

1. d4 {[%emt 0:00:30]} e6 {[%emt 0:00:30]} 2. Nf3 {[%emt 0:00:30]} f5 {[%emt 0:00:00]} 3. g3 {[%emt 0:00:00]} Nf6 {[%emt 0:00:00]} 4. Bg2 {[%emt 0:00:00]} d5 {[%emt 0:00:00]} 5. c4 {[%emt 0:00:30]} c6 {[%emt 0:00:00]} 6. O-O {[%emt 0:00:30]} Bd6 {[%emt 0:00:00]} 7. cxd5 {[%emt 0:00:30]} exd5 {[%emt 0:00:00]} 8. Nc3 {[%emt 0:02:30]} O-O {[%emt 0:00:00]} 9. Nd2 {[%emt 0:03:30]} Qe7 {[%emt 0:00:00]} 10. Nb3 {[%emt 0:02:30]} b5 {[%emt 0:01:30]} 11. Bg5 {[%emt 0:02:30]} Bb7 {[%emt 0:00:30]} 12. Na5 {[%emt 0:01:30]} Kh8 {[%emt 0:18:30]} 13. Qc2 {[%emt 0:01:30]} h6 {[%emt 0:11:30]} 14. Bxf6 {[%emt 0:03:30]} Rxf6 {[%emt 0:00:00]} 15. Rae1 {[%emt 0:05:30]} Na6 {[%emt 0:00:00]} 16. Nxb7 {[%emt 0:04:30]} Qxb7 {[%emt 0:03:30]} 17. f3 {[%emt 0:01:30]} b4 {[%emt 0:07:30]} 18. Na4 {[%emt 0:03:30]} f4 {[%emt 0:05:30]} 19. e4 {[%emt 0:04:30]} Rff8 {[%emt 0:03:30]} 20. exd5 {[%emt 0:06:30]} cxd5 {[%emt 0:01:30]} 21. Re6 {[%emt 0:00:00]} Rad8 {[%emt 0:07:30]} 22. g4 {[%emt 0:04:00]} Nc7 {[%emt 0:01:30]} 23. Rg6 {[%emt 0:01:30]} Nb5 {[%emt 0:00:30]} 24. Qd3 {[%emt 0:08:30]} Rfe8 {[%emt 0:01:30]} 25. Rd1 {[%emt 0:03:30]} Re3 {[%emt 0:07:30]} 26. Qf5 {[%emt 0:02:30]} Rf8 {[%emt 0:00:30]} 27. Qh5 {[%emt 0:00:30]} Qe7 {[%emt 0:02:30]} 28. g5 {[%emt 0:06:30]} Rf5 {[%emt 0:00:30]} 29. h4 {[%emt 0:06:30]} Re1+ {[%emt 0:07:30]} 30. Rxe1 {[%emt 0:00:30]} Qxe1+ {[%emt 0:00:00]} 31. Kh2 {[%emt 0:00:00]} Bf8 {[%emt 0:01:00]} 32. Qg4 {[%emt 0:01:00]} Nxd4 {[%emt 0:04:56]} 33. gxh6 {[%emt 0:01:30]} Rf7 {[%emt 0:01:16]} 34. Qh5 {[%emt 0:11:51]} gxh6 {[%emt 0:02:14]} 35. Rg4 {[%emt 0:00:27]} Qe6 {[%emt 0:00:59]} 36. Rg6 {[%emt 0:00:41]} Rf6 {[%emt 0:06:42]} 37. Nc5 {[%emt 0:02:00]} Qf7 {[%emt 0:00:34]} 38. Qe5 {[%emt 0:01:47]} Qxg6 {[%emt 0:01:19]} 39. Qxd4 {[%emt 0:00:02]} Bxc5 {[%emt 0:00:24]} 40. Qxc5 {[%emt 0:00:02]} Qg3+ {[%emt 0:00:48]} 41. Kg1 {[%emt 0:00:11]} Rg6 {[%emt 0:00:27]} 42. Qc8+ {[%emt 0:00:43]} Kh7 {[%emt 0:00:07]} 43. Qd7+ {[%emt 0:00:43]} Rg7 {[%emt 0:00:01]} 44. Qf5+ {[%emt 0:00:24]} Qg6 {[%emt 0:00:30]} 45. Qh3 {[%emt 0:00:00]} Qc2 {[%emt 0:01:08]} 46. h5 {[%emt 0:00:09]} Rxg2+ {[%emt 0:01:37]} 47. Qxg2 {[%emt 0:00:30]} Qxg2+ {[%emt 0:00:30]} 48. Kxg2 {[%emt 0:00:00]} Kg7 {[%emt 0:00:00]} 49. Kf2 {[%emt 0:00:25]} Kf6 {[%emt 0:00:00]} 50. Ke2 {[%emt 0:00:30]} Kg5 {[%emt 0:00:00]} 51. Kd3 {[%emt 0:00:00]} Kxh5 {[%emt 0:00:12]} 52. Kd4 {[%emt 0:00:10]} Kg5 {[%emt 0:00:00]} 53. Kxd5 {[%emt 0:00:00]} h5 {[%emt 0:00:00]} 54. Kc4 {[%emt 0:00:14]} h4 {[%emt 0:00:06]} 55. Kxb4 {[%emt 0:00:00]} h3 {[%emt 0:00:09]} 56. Kb5 {[%emt 0:00:16]} h2 {[%emt 0:00:00]} 57. Ka6 {[%emt 0:00:06]} h1=Q {[%emt 0:00:19]} 58. Kxa7 {[%emt 0:00:30]} Qxf3 {[%emt 0:00:00]} 59. a4 {[%emt 0:00:00]} Qb3 {[%emt 0:00:10]} 60. a5 {[%emt 0:00:00]} Qxb2 {[%emt 0:00:07]} 61. a6 {[%emt 0:00:04]} Qb5 {[%emt 0:00:00]} 0-1

[Event "Turkish Club Cup 2019"]
[Site "Konya"]
[Date "2019.07.18"]
[Round "4"]
[White "Dizdar, Didem Dilara"]
[Black "Tetik, Muhammed"]
[Result "0-1"]
[WhiteElo "1419"]
[BlackElo "1517"]
[Annotator "NA"]
[PlyCount "92"]
[EventDate "2019.07.16"]
[EventType "team-tourn"]
[EventCountry "TUR"]
[SourceTitle "playchess.com"]
[Source "ChessBase"]
[SourceQuality "1"]
[TimeControl "5400+30"]

1. d4 {[%emt 0:00:30]} Nf6 {[%emt 0:00:30]} 2. c4 {[%emt 0:00:30]} g6 {[%emt 0:00:00]} 3. Nf3 {[%emt 0:00:00]} Bg7 {[%emt 0:00:00]} 4. g3 {[%emt 0:00:00]} O-O {[%emt 0:00:00]} 5. Bg2 {[%emt 0:00:30]} c5 {[%emt 0:02:00]} 6. e3 {[%emt 0:00:30]} cxd4 {[%emt 0:01:30]} 7. exd4 {[%emt 0:00:30]} d5 {[%emt 0:00:00]} 8. b3 {[%emt 0:00:30]} Nc6 {[%emt 0:01:00]} 9. O-O {[%emt 0:00:30]} Bg4 {[%emt 0:05:30]} 10. Bb2 {[%emt 0:01:30]} Qd7 {[%emt 0:05:30]} 11. Nbd2 {[%emt 0:16:30]} Rad8 {[%emt 0:04:30]} 12. Qc1 {[%emt 0:08:30]} Bh6 {[%emt 0:00:30]} 13. Qc3 {[%emt 0:05:30]} dxc4 {[%emt 0:09:30]} 14. bxc4 {[%emt 0:00:30]} Bxd2 {[%emt 0:00:30]} 15. Qxd2 {[%emt 0:01:30]} Bxf3 {[%emt 0:00:30]} 16. Bxf3 {[%emt 0:00:00]} Nxd4 {[%emt 0:00:00]} 17. Bxd4 {[%emt 0:02:00]} Qxd4 {[%emt 0:00:00]} 18. Qxd4 {[%emt 0:00:30]} Rxd4 {[%emt 0:00:30]} 19. Bxb7 {[%emt 0:00:00]} Rxc4 {[%emt 0:00:00]} 20. Rfc1 {[%emt 0:00:00]} Rd4 {[%emt 0:05:00]} 21. Rc7 {[%emt 0:03:30]} e6 {[%emt 0:00:30]} 22. Rac1 {[%emt 0:02:30]} Rfd8 {[%emt 0:00:30]} 23. Bf3 {[%emt 0:09:30]} R8d7 {[%emt 0:01:30]} 24. Rxd7 {[%emt 0:00:30]} Rxd7 {[%emt 0:00:30]} 25. Rd1 {[%emt 0:01:30]} Rc7 {[%emt 0:01:30]} 26. Rd2 {[%emt 0:02:30]} Kg7 {[%emt 0:01:30]} 27. Kg2 {[%emt 0:01:30]} Nd7 {[%emt 0:02:30]} 28. Rb2 {[%emt 0:14:30]} f5 {[%emt 0:02:30]} 29. Bd1 {[%emt 0:04:30]} Kf6 {[%emt 0:02:30]} 30. f4 {[%emt 0:02:30]} e5 {[%emt 0:09:30]} 31. fxe5+ {[%emt 0:02:30]} Nxe5 {[%emt 0:00:30]} 32. Rc2 {[%emt 0:01:37]} Rxc2+ {[%emt 0:01:30]} 33. Bxc2 {[%emt 0:00:07]} Ng4 {[%emt 0:07:30]} 34. Bb3 {[%emt 0:00:46]} Ne3+ {[%emt 0:01:30]} 35. Kf3 {[%emt 0:01:31]} Nf1 {[%emt 0:01:30]} 36. Kg2 {[%emt 0:00:41]} Nd2 {[%emt 0:00:00]} 37. Bd1 {[%emt 0:02:43]} Ke5 {[%emt 0:01:00]} 38. h4 {[%emt 0:03:00]} h6 {[%emt 0:01:30]} 39. g4 {[%emt 0:01:57]} Nc4 {[%emt 0:01:30]} 40. Kf2 {[%emt 0:02:36]} Kf4 {[%emt 0:01:30]} 41. gxf5 {[%emt 0:00:19]} gxf5 {[%emt 0:00:30]} 42. Be2 {[%emt 0:02:17]} Nd2 {[%emt 0:02:30]} 43. Bd1 {[%emt 0:01:33]} Ne4+ {[%emt 0:00:00]} 44. Kg2 {[%emt 0:00:37]} Ke3 {[%emt 0:00:00]} 45. Bh5 {[%emt 0:01:09]} f4 {[%emt 0:00:30]} 46. Bg4 {[%emt 0:02:05]} Nd2 {[%emt 0:00:30]} 0-1

[Event "Turkish Club Cup 2019"]
[Site "Konya"]
[Date "2019.07.18"]
[Round "4"]
[White "Koca, Yildiray"]
[Black "Unlu, Alp Bugra"]
[Result "0-1"]
[WhiteElo "1418"]
[BlackElo "1832"]
[Annotator "NA RC"]
[PlyCount "68"]
[EventDate "2019.07.16"]
[EventType "team-tourn"]
[EventCountry "TUR"]
[SourceTitle "playchess.com"]
[Source "ChessBase"]
[SourceQuality "1"]
[TimeControl "5400+30"]

1. e4 {[%emt 0:00:30]} e5 {[%emt 0:00:30]} 2. Nf3 {[%emt 0:00:30]} Nc6 {[%emt 0:00:00]} 3. Bc4 {[%emt 0:00:30]} Bc5 {[%emt 0:00:00]} 4. c3 {[%emt 0:00:00]} Nf6 {[%emt 0:00:30]} 5. d4 {[%emt 0:00:00]} exd4 {[%emt 0:00:00]} 6. cxd4 {[%emt 0:00:30]} Bb4+ {[%emt 0:00:00]} 7. Nc3 {[%emt 0:00:30]} Nxe4 {[%emt 0:03:30]} 8. O-O {[%emt 0:00:30]} Bxc3 {[%emt 0:01:30]} 9. d5 {[%emt 0:03:30]} Bf6 {[%emt 0:02:30]} 10. dxc6 {[%emt 0:04:30]} O-O {[%emt 0:07:30]} 11. Qd5 {[%emt 0:05:30]} Nd6 {[%emt 0:00:30]} 12. Bd3 {[%emt 0:03:30]} dxc6 {[%emt 0:10:30]} 13. Qh5 {[%emt 0:11:30]} g6 {[%emt 0:00:30]} 14. Qc5 {[%emt 0:02:30]} Bf5 {[%emt 0:17:30]} 15. Bxf5 {[%emt 0:07:30]} Nxf5 {[%emt 0:00:30]} 16. Bf4 {[%emt 0:02:30]} Re8 {[%emt 0:15:30]} 17. Rad1 {[%emt 0:04:30]} Qe7 {[%emt 0:00:30]} 18. Qc2 {[%emt 0:04:30]} Nh4 {[%emt 0:07:30]} 19. Nxh4 {[%emt 0:07:30]} Bxh4 {[%emt 0:00:30]} 20. g3 {[%emt 0:00:30]} Bf6 {[%emt 0:08:30]} 21. h4 {[%emt 0:08:30]} a6 {[%emt 0:04:48]} 22. h5 {[%emt 0:05:30]} g5 {[%emt 0:04:38]} 23. Be3 {[%emt 0:01:30]} Rad8 {[%emt 0:04:35]} 24. Bc5 {[%emt 0:04:30]} Qe6 {[%emt 0:02:56]} 25. Rde1 {[%emt 0:04:54]} Qg4 {[%emt 0:03:27]} 26. Kg2 {[%emt 0:03:41]} Qxh5 {[%emt 0:00:54]} 27. Be3 {[%emt 0:03:05]} Qg6 {[%emt 0:00:42]} 28. Qc1 {[%emt 0:00:14]} Qf5 {[%emt 0:01:23]} 29. Rh1 {[%emt 0:00:17]} Qd5+ {[%emt 0:00:42]} 30. f3 {[%emt 0:00:59]} g4 {[%emt 0:01:33]} 31. Ref1 {[%emt 0:01:27]} Bxb2 {[%emt 0:01:38]} 32. Qc2 {[%emt 0:00:30]} Qd3 {[%emt 0:00:00]} 33. Qxd3 {[%emt 0:01:44]} Rxd3 {[%emt 0:00:00]} 34. Bf4 {[%emt 0:00:15]} Re2+ {[%emt 0:00:15]} 0-1

[Event "Turkish Club Cup 2019"]
[Site "Konya"]
[Date "2019.07.18"]
[Round "4"]
[White "Baycu, Arda"]
[Black "Pasa, Ahmet"]
[Result "0-1"]
[WhiteElo "1394"]
[BlackElo "1500"]
[Annotator "NA RC"]
[PlyCount "120"]
[EventDate "2019.07.16"]
[EventType "team-tourn"]
[EventCountry "TUR"]
[SourceTitle "playchess.com"]
[Source "ChessBase"]
[SourceQuality "1"]
[TimeControl "5400+30"]

1. e4 {[%emt 0:00:30]} c5 {[%emt 0:00:30]} 2. Nf3 {[%emt 0:00:30]} d6 {[%emt 0:00:00]} 3. d4 {[%emt 0:00:30]} cxd4 {[%emt 0:00:00]} 4. Qxd4 {[%emt 0:00:30]} a6 {[%emt 0:00:00]} 5. Bg5 {[%emt 0:05:30]} Nc6 {[%emt 0:00:00]} 6. Qd2 {[%emt 0:00:30]} h6 {[%emt 0:00:30]} 7. Bh4 {[%emt 0:00:30]} g5 {[%emt 0:00:30]} 8. Bg3 {[%emt 0:00:00]} Bg7 {[%emt 0:00:00]} 9. Nc3 {[%emt 0:05:00]} Be6 {[%emt 0:02:00]} 10. Be2 {[%emt 0:14:30]} Rc8 {[%emt 0:11:30]} 11. O-O {[%emt 0:02:30]} Nf6 {[%emt 0:00:30]} 12. e5 {[%emt 0:01:30]} dxe5 {[%emt 0:03:30]} 13. Qxd8+ {[%emt 0:00:30]} Rxd8 {[%emt 0:00:30]} 14. Nxe5 {[%emt 0:00:00]} Nd4 {[%emt 0:05:30]} 15. Bd3 {[%emt 0:04:00]} Nh5 {[%emt 0:02:30]} 16. Rfe1 {[%emt 0:05:30]} Nxg3 {[%emt 0:01:30]} 17. hxg3 {[%emt 0:00:30]} O-O {[%emt 0:01:30]} 18. Na4 {[%emt 0:05:30]} Rd5 {[%emt 0:08:30]} 19. f4 {[%emt 0:11:30]} b5 {[%emt 0:11:30]} 20. Nc3 {[%emt 0:06:30]} Rc5 {[%emt 0:05:30]} 21. Rad1 {[%emt 0:01:30]} Bxe5 {[%emt 0:13:30]} 22. Rxe5 {[%emt 0:01:30]} Rxe5 {[%emt 0:04:30]} 23. fxe5 {[%emt 0:00:30]} Nc6 {[%emt 0:00:30]} 24. Re1 {[%emt 0:02:30]} Rd8 {[%emt 0:01:30]} 25. a4 {[%emt 0:02:30]} b4 {[%emt 0:01:30]} 26. Ne4 {[%emt 0:01:30]} a5 {[%emt 0:09:56]} 27. Nc5 {[%emt 0:00:30]} Rd5 {[%emt 0:05:31]} 28. Nxe6 {[%emt 0:00:30]} fxe6 {[%emt 0:00:31]} 29. Bc4 {[%emt 0:00:30]} Rxe5 {[%emt 0:00:00]} 30. Rxe5 {[%emt 0:00:30]} Nxe5 {[%emt 0:00:00]} 31. Bxe6+ {[%emt 0:00:30]} Kg7 {[%emt 0:00:00]} 32. Kf2 {[%emt 0:00:30]} Kf6 {[%emt 0:00:00]} 33. Bb3 {[%emt 0:01:30]} Nd7 {[%emt 0:00:18]} 34. c4 {[%emt 0:01:30]} Nc5 {[%emt 0:00:35]} 35. Bc2 {[%emt 0:01:30]} b3 {[%emt 0:01:01]} 36. Bd1 {[%emt 0:00:30]} Nxa4 {[%emt 0:03:19]} 37. Bxb3 {[%emt 0:00:30]} Nxb2 {[%emt 0:01:18]} 38. Ke3 {[%emt 0:01:30]} a4 {[%emt 0:01:04]} 39. Ba2 {[%emt 0:00:00]} Ke5 {[%emt 0:00:58]} 40. c5 {[%emt 0:02:00]} Nd1+ {[%emt 0:00:59]} 41. Kd3 {[%emt 0:03:39]} Nf2+ {[%emt 0:00:44]} 42. Kc4 {[%emt 0:00:13]} Ne4 {[%emt 0:00:48]} 43. g4 {[%emt 0:01:15]} a3 {[%emt 0:02:23]} 44. Kb4 {[%emt 0:01:42]} Kd4 {[%emt 0:03:12]} 45. c6 {[%emt 0:00:11]} Nd6 {[%emt 0:00:00]} 46. Kxa3 {[%emt 0:01:35]} Kc5 {[%emt 0:00:23]} 47. c7 {[%emt 0:00:48]} Nb5+ {[%emt 0:00:30]} 48. Kb3 {[%emt 0:00:30]} Nxc7 {[%emt 0:00:30]} 49. Kc3 {[%emt 0:00:00]} Ne8 {[%emt 0:00:00]} 50. Be6 {[%emt 0:00:00]} Kd6 {[%emt 0:00:00]} 51. Bc4 {[%emt 0:00:00]} Ke5 {[%emt 0:00:03]} 52. Be2 {[%emt 0:00:35]} Kf4 {[%emt 0:00:30]} 53. Kd4 {[%emt 0:00:00]} Nf6 {[%emt 0:00:10]} 54. Bf3 {[%emt 0:01:01]} e5+ {[%emt 0:00:09]} 55. Kc5 {[%emt 0:00:00]} e4 {[%emt 0:00:17]} 56. Bd1 {[%emt 0:00:06]} Nxg4 {[%emt 0:00:44]} 57. Kd4 {[%emt 0:00:06]} Nf2 {[%emt 0:00:02]} 58. Be2 {[%emt 0:00:11]} g4 {[%emt 0:00:34]} 59. Ba6 {[%emt 0:01:03]} h5 {[%emt 0:00:35]} 60. Bf1 {[%emt 0:00:30]} h4 {[%emt 0:00:30]} 0-1

[Event "Turkish Club Cup 2019"]
[Site "Konya"]
[Date "2019.07.18"]
[Round "4"]
[White "Yalcin, Nehir"]
[Black "Kiziltas, Ece Su"]
[Result "1-0"]
[WhiteElo "1392"]
[BlackElo "1400"]
[Annotator "NA RC"]
[PlyCount "79"]
[EventDate "2019.07.16"]
[EventType "team-tourn"]
[EventCountry "TUR"]
[SourceTitle "playchess.com"]
[Source "ChessBase"]
[SourceQuality "1"]
[TimeControl "5400+30"]

1. e4 {[%emt 0:00:30]} c6 {[%emt 0:00:30]} 2. d4 {[%emt 0:00:00]} g6 {[%emt 0:00:30]} 3. Nc3 {[%emt 0:00:00]} Bg7 {[%emt 0:00:00]} 4. Be3 {[%emt 0:00:30]} d6 {[%emt 0:01:00]} 5. Qd2 {[%emt 0:03:30]} b5 {[%emt 0:01:30]} 6. Bd3 {[%emt 0:05:30]} Nd7 {[%emt 0:04:30]} 7. Nge2 {[%emt 0:02:30]} Bb7 {[%emt 0:10:30]} 8. O-O {[%emt 0:08:30]} Ngf6 {[%emt 0:01:30]} 9. h3 {[%emt 0:01:30]} O-O {[%emt 0:02:30]} 10. f4 {[%emt 0:05:30]} a6 {[%emt 0:06:30]} 11. Ng3 {[%emt 0:07:30]} c5 {[%emt 0:01:30]} 12. d5 {[%emt 0:10:30]} Qc7 {[%emt 0:06:30]} 13. Be2 {[%emt 0:04:30]} h5 {[%emt 0:02:30]} 14. f5 {[%emt 0:05:30]} Ne5 {[%emt 0:08:30]} 15. Bf4 {[%emt 0:10:30]} b4 {[%emt 0:10:30]} 16. Nd1 {[%emt 0:00:30]} h4 {[%emt 0:00:30]} 17. Bxe5 {[%emt 0:01:30]} hxg3 {[%emt 0:08:30]} 18. Bxf6 {[%emt 0:00:30]} Bxf6 {[%emt 0:01:30]} 19. Qf4 {[%emt 0:00:30]} Kg7 {[%emt 0:02:30]} 20. Qxg3 {[%emt 0:01:30]} Rh8 {[%emt 0:01:30]} 21. c3 {[%emt 0:08:30]} Rh7 {[%emt 0:05:30]} 22. Bd3 {[%emt 0:03:46]} Be5 {[%emt 0:02:53]} 23. Qg4 {[%emt 0:00:46]} Bc8 {[%emt 0:00:53]} 24. Qf3 {[%emt 0:01:39]} g5 {[%emt 0:03:50]} 25. Bc2 {[%emt 0:04:37]} Bd7 {[%emt 0:01:11]} 26. Rb1 {[%emt 0:01:32]} Bb5 {[%emt 0:00:45]} 27. Bd3 {[%emt 0:01:07]} Be8 {[%emt 0:03:22]} 28. cxb4 {[%emt 0:01:59]} cxb4 {[%emt 0:02:21]} 29. Be2 {[%emt 0:00:22]} Qb6+ {[%emt 0:01:24]} 30. Nf2 {[%emt 0:01:02]} f6 {[%emt 0:00:48]} 31. Qd3 {[%emt 0:00:40]} Bb5 {[%emt 0:02:28]} 32. Qd1 {[%emt 0:00:17]} Qe3 {[%emt 0:01:47]} 33. Bxb5 {[%emt 0:01:45]} Qg3 {[%emt 0:03:13]} 34. Ng4 {[%emt 0:00:12]} Rxh3 {[%emt 0:00:52]} 35. Rf3 {[%emt 0:00:45]} Rh1+ {[%emt 0:02:24]} 36. Kxh1 {[%emt 0:00:12]} Rh8+ {[%emt 0:00:50]} 37. Kg1 {[%emt 0:00:05]} Qh4 {[%emt 0:00:14]} 38. Rh3 {[%emt 0:00:16]} Bh2+ {[%emt 0:00:44]} 39. Rxh2 {[%emt 0:00:31]} Qg3 {[%emt 0:00:45]} 40. Rxh8 {[%emt 0:00:13]} 1-0

[Event "Turkish Club Cup 2019"]
[Site "Konya"]
[Date "2019.07.18"]
[Round "4"]
[White "Unal, Beren"]
[Black "Yurdakul, Didem Nuray"]
[Result "0-1"]
[WhiteElo "1391"]
[BlackElo "1779"]
[Annotator "NA RC"]
[PlyCount "84"]
[EventDate "2019.07.16"]
[EventType "team-tourn"]
[EventCountry "TUR"]
[SourceTitle "playchess.com"]
[Source "ChessBase"]
[SourceQuality "1"]
[TimeControl "5400+30"]

1. e4 {[%emt 0:00:30]} c5 {[%emt 0:00:30]} 2. Nf3 {[%emt 0:00:30]} d6 {[%emt 0:00:00]} 3. d4 {[%emt 0:00:00]} cxd4 {[%emt 0:00:00]} 4. Nxd4 {[%emt 0:00:00]} Nf6 {[%emt 0:00:00]} 5. f3 {[%emt 0:00:30]} g6 {[%emt 0:01:00]} 6. c4 {[%emt 0:03:30]} Bg7 {[%emt 0:00:30]} 7. Be3 {[%emt 0:01:30]} O-O {[%emt 0:01:30]} 8. Nc3 {[%emt 0:00:30]} Nc6 {[%emt 0:02:30]} 9. Qd2 {[%emt 0:00:30]} Nxd4 {[%emt 0:01:30]} 10. Bxd4 {[%emt 0:01:30]} Be6 {[%emt 0:00:30]} 11. Be2 {[%emt 0:00:00]} Qa5 {[%emt 0:01:30]} 12. O-O {[%emt 0:06:00]} Rfc8 {[%emt 0:01:30]} 13. b3 {[%emt 0:11:30]} b5 {[%emt 0:04:30]} 14. b4 {[%emt 0:12:30]} Qxb4 {[%emt 0:13:30]} 15. Rab1 {[%emt 0:03:30]} Qa5 {[%emt 0:00:30]} 16. Rxb5 {[%emt 0:03:30]} Qd8 {[%emt 0:02:30]} 17. Nd5 {[%emt 0:07:30]} Bxd5 {[%emt 0:16:30]} 18. cxd5 {[%emt 0:02:30]} Qc7 {[%emt 0:04:30]} 19. Rfb1 {[%emt 0:03:30]} Rab8 {[%emt 0:10:30]} 20. Rxb8 {[%emt 0:16:30]} Rxb8 {[%emt 0:00:00]} 21. Rc1 {[%emt 0:00:30]} Qd7 {[%emt 0:06:00]} 22. Rc6 {[%emt 0:14:43]} Rb1+ {[%emt 0:05:30]} 23. Bf1 {[%emt 0:07:50]} Qb7 {[%emt 0:07:05]} 24. Qd3 {[%emt 0:00:33]} Nd7 {[%emt 0:04:38]} 25. Bxg7 {[%emt 0:01:02]} Kxg7 {[%emt 0:00:54]} 26. Qc3+ {[%emt 0:00:18]} Nf6 {[%emt 0:01:25]} 27. Qd3 {[%emt 0:01:28]} Qb2 {[%emt 0:00:40]} 28. h3 {[%emt 0:00:42]} h5 {[%emt 0:03:44]} 29. Rc2 {[%emt 0:00:30]} Qb6+ {[%emt 0:01:13]} 30. Kh2 {[%emt 0:00:36]} h4 {[%emt 0:00:29]} 31. Rc6 {[%emt 0:00:24]} Qb2 {[%emt 0:00:48]} 32. Rc2 {[%emt 0:00:04]} Qe5+ {[%emt 0:01:05]} 33. Kg1 {[%emt 0:00:35]} Nh5 {[%emt 0:00:48]} 34. Rc7 {[%emt 0:00:39]} Ra1 {[%emt 0:00:30]} 35. a3 {[%emt 0:01:28]} Ng3 {[%emt 0:00:08]} 36. Rxa7 {[%emt 0:00:06]} Rxf1+ {[%emt 0:00:37]} 37. Qxf1 {[%emt 0:00:30]} Nxf1 {[%emt 0:00:30]} 38. Kxf1 {[%emt 0:00:30]} Qa1+ {[%emt 0:00:30]} 39. Ke2 {[%emt 0:00:00]} Qb2+ {[%emt 0:00:00]} 40. Kd3 {[%emt 0:00:00]} Qxg2 {[%emt 0:00:00]} 41. Rxe7 {[%emt 0:00:21]} Qxf3+ {[%emt 0:00:00]} 42. Kd4 {[%emt 0:00:30]} Qf6+ {[%emt 0:00:00]} 0-1

[Event "Turkish Club Cup 2019"]
[Site "Konya"]
[Date "2019.07.18"]
[Round "4"]
[White "Arslan, Hasan Bahadir"]
[Black "Efendioglu, Ahmet"]
[Result "1/2-1/2"]
[WhiteElo "1377"]
[BlackElo "1511"]
[Annotator "NA RC"]
[PlyCount "89"]
[EventDate "2019.07.16"]
[EventType "team-tourn"]
[EventCountry "TUR"]
[SourceTitle "playchess.com"]
[Source "ChessBase"]
[SourceQuality "1"]
[TimeControl "5400+30"]

1. e4 {[%emt 0:00:30]} e6 {[%emt 0:00:30]} 2. d4 {[%emt 0:00:00]} d5 {[%emt 0:00:00]} 3. Nc3 {[%emt 0:00:00]} dxe4 {[%emt 0:00:00]} 4. Nxe4 {[%emt 0:00:00]} Nd7 {[%emt 0:00:00]} 5. Nf3 {[%emt 0:03:00]} Ngf6 {[%emt 0:00:00]} 6. Nxf6+ {[%emt 0:04:30]} Nxf6 {[%emt 0:00:30]} 7. c4 {[%emt 0:07:30]} Be7 {[%emt 0:05:30]} 8. Be2 {[%emt 0:01:30]} O-O {[%emt 0:02:30]} 9. O-O {[%emt 0:00:30]} b6 {[%emt 0:02:30]} 10. h3 {[%emt 0:04:30]} Bb7 {[%emt 0:03:30]} 11. Be3 {[%emt 0:06:30]} c5 {[%emt 0:06:30]} 12. dxc5 {[%emt 0:01:30]} Bxc5 {[%emt 0:02:30]} 13. Bxc5 {[%emt 0:00:30]} bxc5 {[%emt 0:00:30]} 14. Qxd8 {[%emt 0:12:30]} Rfxd8 {[%emt 0:04:30]} 15. Rfd1 {[%emt 0:05:30]} Kf8 {[%emt 0:05:30]} 16. Rxd8+ {[%emt 0:04:30]} Rxd8 {[%emt 0:00:30]} 17. Rd1 {[%emt 0:00:30]} Rxd1+ {[%emt 0:05:30]} 18. Bxd1 {[%emt 0:00:00]} Bxf3 {[%emt 0:02:30]} 19. Bxf3 {[%emt 0:00:00]} Nd7 {[%emt 0:01:30]} 20. Kf1 {[%emt 0:06:30]} Ne5 {[%emt 0:02:30]} 21. Be2 {[%emt 0:01:30]} Ke7 {[%emt 0:03:30]} 22. Ke1 {[%emt 0:04:30]} Kd6 {[%emt 0:03:30]} 23. Kd2 {[%emt 0:03:30]} Nc6 {[%emt 0:01:30]} 24. Kc3 {[%emt 0:08:30]} a5 {[%emt 0:03:30]} 25. a3 {[%emt 0:01:30]} e5 {[%emt 0:03:30]} 26. Bd3 {[%emt 0:04:40]} g6 {[%emt 0:04:30]} 27. Kb3 {[%emt 0:03:58]} Kc7 {[%emt 0:05:30]} 28. Ka4 {[%emt 0:01:12]} Kb6 {[%emt 0:01:30]} 29. Be4 {[%emt 0:00:43]} Ne7 {[%emt 0:01:30]} 30. b4 {[%emt 0:03:30]} axb4 {[%emt 0:02:30]} 31. axb4 {[%emt 0:00:38]} f5 {[%emt 0:01:30]} 32. Bd3 {[%emt 0:03:34]} e4 {[%emt 0:04:30]} 33. Be2 {[%emt 0:02:04]} cxb4 {[%emt 0:01:30]} 34. Kxb4 {[%emt 0:00:30]} Nc6+ {[%emt 0:00:30]} 35. Kc3 {[%emt 0:00:31]} Kc5 {[%emt 0:01:30]} 36. Bf1 {[%emt 0:02:11]} Nd4 {[%emt 0:01:34]} 37. Kd2 {[%emt 0:01:23]} Nc6 {[%emt 0:03:45]} 38. Kc3 {[%emt 0:00:52]} Ne5 {[%emt 0:00:16]} 39. Be2 {[%emt 0:01:13]} g5 {[%emt 0:01:12]} 40. f3 {[%emt 0:01:31]} e3 {[%emt 0:01:25]} 41. Bf1 {[%emt 0:00:41]} f4 {[%emt 0:01:21]} 42. Be2 {[%emt 0:00:23]} Nc6 {[%emt 0:00:44]} 43. Kd3 {[%emt 0:00:56]} Nd4 {[%emt 0:01:16]} 44. Bd1 {[%emt 0:00:58]} e2 {[%emt 0:01:03]} 45. Bxe2 {[%emt 0:00:00]} 1/2-1/2